Political miscellanies : Part the first. By the authors of The rolliad and Probationary odes.

Bibliographic Details
Format: eBook
Language:English
Series:Eighteenth century collections online.
Online Access:Full text online

MARC

Tag First Indicator Second Indicator Subfields
LEADER 00000cam a2200000 4500
001 in00001872829
006 m | d |
007 cr |n||||||||n
008 810312s1787 enk|||| s 00||||eng d
005 20260407210203.9
035 |a (CStRLIN)ESTCT118513 
040 |a Uk-ES  |c Uk-ES  |d Cu-RivES  |d CStRLIN  |d Thomson Gale  |d UtOrBLW 
245 0 0 |a Political miscellanies :  |b Part the first. By the authors of The rolliad and Probationary odes. 
264 3 |a London :  |b printed for J. Ridgway,  |c 1787. 
300 |a viii, 135, 1 unnumbered page :  |b illustrations ;  |c 8⁰. 
336 |a text  |b txt  |2 rdacontent 
337 |a computer  |b c  |2 rdamedia 
338 |a online resource  |b cr  |2 rdacarrier 
500 |a Authors of The rolliad and Probationary odes = Sir John Hawkins and Joseph Richardson. 
500 |a With a half-title. 
500 |a Reproduction of original from the British Library. 
510 4 |a English Short Title Catalog,  |c ESTCT118513. 
533 |a Electronic reproduction.  |b Farmington Hills, Mich. :  |c Thomson Gale,  |d 2003.  |n Available via the World Wide Web.  |n Access limited by licensing agreements  |7 s2003 miunns 
500 |a Electronic resource. 
830 0 |a Eighteenth century collections online. 
856 4 0 |u http://proxy.library.tamu.edu/login?url=https://galenet.galegroup.com/servlet/ECCO?c=1&stp=Author&ste=11&af=BN&ae=T118513&tiPG=1&dd=0&dc=flc&docNum=CW104810914&vrsn=1.0&srchtp=a&d4=0.33&n=10&SU=0LRL+OR+0LRI&locID=txshracd2898  |z Full text online  |t 0 
999 |a MARS 
999 f f |s 157b0dfd-106c-38fd-9952-1e4e62739351  |i 5d15ac51-1abd-3acb-8d00-88466c02e106  |t 0 
952 f f |a Texas A&M University  |b College Station  |c Electronic Resources  |s www_evans  |d Available Online  |t 0  |h No information provided 
998 f f |t 0  |l Available Online